| 000 | 02165nam a22002417a 4500 | ||
|---|---|---|---|
| 999 |
_c64130 _d64130 |
||
| 003 | Ge_BSU | ||
| 005 | 20260414113718.0 | ||
| 008 | 260414s2022 ge ||||| |||| 00| 0 geo d | ||
| 020 | _a9789941834059 | ||
| 041 | _ageo | ||
| 080 | _a005.21(075.8) ლ-65 | ||
| 100 |
_aლიპარტია, ზურაბ _927305 |
||
| 245 |
_aსტრატეგიული მენეჯმენტი : _b[სახელმძღვანელო] / _cზურაბ ლიპარტია; სამეცნიერო რედაქტორები: დავით ჯალაღონია, ირმა დიხამინჯია, ევგენი ბარათაშვილი; სოხუმის სახელმწ. უნივერსიტეტი, ბიზნესისა და სოციალურ მეცნიერებათა ფაკულტეტი. |
||
| 264 |
_aთბილისი : _bსოხუმი, _c 2022. |
||
| 300 |
_a504 გვ. : _bნახ. ; _c29 სმ. |
||
| 500 | _aეძღვნება: დასავლეთ საქართველოში პირველი პედაგოგიური ინსტიტუტი და პირველი კლასიკური უნივერსიტეტი - სოხუმის სახელმწიფო უნივერსიტეტი 90 წლისაა. | ||
| 653 | _aსტრატეგიული მენეჯმენტი | ||
| 700 |
_aჯალაღონია, დავით _eსამეცნიერო რედაქტორი _914560 |
||
| 700 |
_aდიხამინჯია, ირმა _eსამეცნიერო რედაქტორი _927309 |
||
| 700 |
_aბარათაშვილი, ევგენი _eსამეცნიერო რედაქტორი _9734 |
||
| 710 |
_aსოხუმის სახელმწ. უნივერსიტეტი _b ბიზნესისა და სოციალურ მეცნიერებათა ფაკულტეტი _927308 |
||
| 942 |
_2udc _cᲬᲘᲒᲜᲘ |
||